000
00267nam a2200133Ia 4500
100
_a
Jim Ras
942
_c
BK
654
_a
Computer
245
_a
Write TSRS Now
260
_b
B.P.B. Pub
_a
New Delhi
_c
1994
082
_a
5.1
_b
PAN
546
_a
ENGLISH
999
_c
30999
_d
30999